「金」がつく駅名 - Statistics

General Stats
  • This quiz has been taken 361 times
  • The average score is 21 of 68
Answer Stats
都道府県 駅名 % Correct
愛知県 金山
88%
福岡県 金山
88%
石川県 金沢
79%
栃木県 小金井
66%
東京都 金町
65%
千葉県 東金
65%
福岡県 金田
60%
茨城県 西金
60%
静岡県 金谷
59%
東京都 武蔵小金井
58%
石川県 西金沢
55%
神奈川県 金沢文庫
54%
神奈川県 金沢八景
53%
埼玉県 金子
51%
東京都 東小金井
51%
石川県 東金沢
49%
北海道 黄金
47%
愛知県 黄金
47%
千葉県 北小金
42%
東京都 京成金町
41%
栃木県 大金
38%
大阪府 新金岡
35%
岡山県 金川
34%
静岡県 新金谷
34%
岩手県 金ヶ崎
30%
神奈川県 黄金町
30%
愛知県 金城ふ頭
29%
石川県 新西金沢
29%
福島県 金谷川
28%
青森県 金木
27%
東京都 花小金井
26%
石川県 北鉄金沢
26%
群馬県 金島
25%
福岡県 金島
25%
山梨県 金手
25%
東京都 新小金井
24%
長野県 金野
23%
奈良県 金橋
21%
岩手県 金田一温泉
21%
石川県 金丸
20%
岡山県 金光
19%
山形県 羽前金沢
17%
愛知県 金屋
17%
東京都 白金台
17%
東京都 白金高輪
17%
千葉県 浜金谷
17%
岐阜県 飛驒金山
17%
秋田県 金浦
16%
神奈川県 相模金子
15%
山形県 東金井
15%
新潟県 越後金丸
14%
大阪府 金剛
14%
栃木県 東武金崎
14%
千葉県 小金城趾
13%
愛知県 大森・金城学院前
12%
静岡県 金指
12%
新潟県 金塚
11%
青森県 金谷沢
11%
秋田県 北金岡
11%
茨城県 金上
9%
青森県 北金ケ沢
9%
香川県 金蔵寺
9%
佐賀県 金武
8%
青森県 金浜
8%
福岡県 勾金
8%
佐賀県 金石原
7%
福岡県 上金田
5%
徳島県 金比羅前
5%
No matching quizzes found
Score Distribution
Percent of People with Each Score
Percentile by Number Answered
Your Score History
You have not taken this quiz